[Event "Winterfest"]
[Site "Kelowna CAN"]
[Date "2002.02.17"]
[Round "4"]
[White "Schiele, Robin"]
[Black "Taylor, James"]
[Result "1/2-1/2"]
[WhiteElo "1540"]
[BlackElo "1727"]
[PlyCount "103"]
[EventDate "2002.02.16"]
[EventType "swiss"]
[EventRounds "5"]
[EventCountry "CAN"]

1. e4 c5 2. Nf3 d6 3. d4 cxd4 4. Nxd4 Nf6 5. Nc3 a6 6. Be2 h6 7. Be3 e6 8. Qd2
b5 9. a3 Bb7 10. f3 Nbd7 11. O-O Be7 12. Bd3 Ne5 13. Rad1 Rc8 14. h3 Qc7 15. f4
Nc4 16. Bxc4 Qxc4 17. f5 e5 18. Nde2 Nxe4 19. Nxe4 Bxe4 20. Nc3 Bb7 21. Qd3 Qc6
22. Rf2 e4 23. Qd2 Rd8 24. Nd5 Qxd5 25. Qxd5 Bxd5 26. Rxd5 Bg5 27. Bf4 e3 28.
Rf3 Bxf4 29. Rxf4 Kd7 30. Kf1 Rhe8 31. Ke2 Rc8 32. c3 Re7 33. Rf3 Rce8 34. Rd3
Kc6 35. Rfxe3 Kc5 36. Rxe7 Rxe7+ 37. Re3 Rxe3+ 38. Kxe3 Kc4 39. Kd2 Kb3 40. Kc1
g6 41. fxg6 fxg6 42. Kb1 d5 43. g3 a5 44. Kc1 g5 45. g4 a4 46. Kb1 d4 47. cxd4
Kc4 48. Kc2 Kxd4 49. Kd2 Kc4 50. Kc2 b4 51. axb4 Kxb4 52. Kb1 1/2-1/2

[Event "Winterfest"]
[Site "Kelowna CAN"]
[Date "2002.02.17"]
[Round "4"]
[White "Steinke, Wally"]
[Black "Whitman, Alan"]
[Result "1/2-1/2"]
[WhiteElo "1736"]
[BlackElo "1698"]
[PlyCount "44"]
[EventDate "2002.02.16"]
[EventType "swiss"]
[EventRounds "5"]
[EventCountry "CAN"]

1. d4 Nf6 2. c4 e6 3. Nf3 c5 4. Nc3 cxd4 5. Nxd4 Be7 6. Bf4 a6 7. Qa4 O-O 8.
Rd1 d5 9. cxd5 Nxd5 10. Nxd5 Qxd5 11. e3 Bd7 12. Qb3 Qxb3 13. Nxb3 Bb4+ 14. Nd2
Nc6 15. a3 Be7 16. Be2 e5 17. Bg3 Be6 18. O-O Rfd8 19. Nc4 f6 20. Nb6 Rxd1 21.
Rxd1 Rd8 22. Rxd8+ Bxd8 1/2-1/2

[Event "Winterfest"]
[Site "Kelowna CAN"]
[Date "2002.02.17"]
[Round "5"]
[White "Barabana, Parish"]
[Black "Taylor, James"]
[Result "1-0"]
[WhiteElo "1642"]
[BlackElo "1727"]
[PlyCount "33"]
[EventDate "2002.02.16"]
[EventType "swiss"]
[EventRounds "5"]
[EventCountry "CAN"]

1. d4 e5 2. dxe5 Nc6 3. Nf3 Qe7 4. Bf4 Qb4+ 5. Bd2 Qxb2 6. Nc3 Nb4 7. Nd4 c5 8.
Rb1 Qa3 9. Rb3 Qa5 10. Ndb5 Qd8 11. Rxb4 cxb4 12. Nd5 Qa5 13. Nbc7+ Kd8 14.
Nxa8 Qxd5 15. Bg5+ Ne7 16. Bxe7+ Bxe7 17. Qxd5 1-0

[Event "Winterfest"]
[Site "Kelowna CAN"]
[Date "2002.02.17"]
[Round "5"]
[White "Barnett, David"]
[Black "Rasmussen, Marshall"]
[Result "1-0"]
[WhiteElo "1753"]
[BlackElo "1072"]
[PlyCount "37"]
[EventDate "2002.02.16"]
[EventType "swiss"]
[EventRounds "5"]
[EventCountry "CAN"]

1. Nf3 f5 2. e3 g6 3. b3 Bg7 4. Nc3 Nf6 5. Bc4 e6 6. Ba3 Nc6 7. O-O Ne7 8. Ne5
O-O 9. Qf3 d6 10. Nd3 d5 11. Bb5 c6 12. Ba4 b5 13. Bb2 bxa4 14. Nxa4 Qc7 15.
Rac1 Ng4 16. g3 Bxb2 17. Ndxb2 Nf6 18. c4 Ne4 19. Rfd1 1-0

[Event "Winterfest"]
[Site "Kelowna CAN"]
[Date "2002.02.17"]
[Round "5"]
[White "Kindret, Mike"]
[Black "Geszler, Joe"]
[Result "1/2-1/2"]
[WhiteElo "1751"]
[BlackElo "1692"]
[PlyCount "33"]
[EventDate "2002.02.16"]
[EventType "swiss"]
[EventRounds "5"]
[EventCountry "CAN"]

1. e4 c5 2. Nf3 e6 3. d4 cxd4 4. Nxd4 Nf6 5. Nc3 d6 6. Bg5 h6 7. Bh4 a6 8. Be2
Be7 9. O-O b5 10. a3 Bb7 11. f3 Nc6 12. Rf2 O-O 13. Qd2 Ne5 14. b3 Rc8 15. h3
d5 16. f4 Ng6 17. e5 1/2-1/2

[Event "Winterfest"]
[Site "Kelowna CAN"]
[Date "2002.02.17"]
[Round "5"]
[White "Rice, Grant"]
[Black "Chranowski, Rick"]
[Result "0-1"]
[WhiteElo "1337"]
[BlackElo "1880"]
[PlyCount "56"]
[EventDate "2002.02.16"]
[EventType "swiss"]
[EventRounds "5"]
[EventCountry "CAN"]

1. e4 b6 2. Nf3 Bb7 3. Nc3 e6 4. d3 Bb4 5. a3 Bxc3+ 6. bxc3 Nf6 7. e5 Nd5 8.
Bb2 Nc6 9. g3 Nde7 10. d4 Ng6 11. Bd3 d6 12. Bxg6 hxg6 13. O-O Qe7 14. Re1
O-O-O 15. Qd3 dxe5 16. d5 exd5 17. Qe3 f6 18. Rad1 Na5 19. Nh4 Qf7 20. Bc1 g5
21. Ng2 Qh5 22. h4 gxh4 23. Qe2 Qh7 24. Nxh4 g5 25. Qg4+ Kb8 26. Bxg5 fxg5 27.
Qxg5 Rhg8 28. Qe3 Qxh4 0-1

[Event "Winterfest"]
[Site "Kelowna CAN"]
[Date "2002.02.17"]
[Round "5"]
[White "Sladek, Vaclav"]
[Black "Stockhausen, Peter"]
[Result "1-0"]
[WhiteElo "2027"]
[BlackElo "1636"]
[PlyCount "69"]
[EventDate "2002.02.16"]
[EventType "swiss"]
[EventRounds "5"]
[EventCountry "CAN"]

1. d4 d5 2. Bg5 c6 3. e3 Bf5 4. Bd3 Qd7 5. Nf3 Bg4 6. h3 Bf5 7. c3 Bxd3 8. Qxd3
e6 9. Nbd2 Be7 10. Bf4 Nf6 11. O-O O-O 12. e4 dxe4 13. Nxe4 Nxe4 14. Qxe4 Qd5
15. Qc2 Nd7 16. Rfe1 Nf6 17. Be5 Nd7 18. Bg3 Nf6 19. a3 Rac8 20. Rad1 Rfe8 21.
Bh4 Qd8 22. Ne5 Nd7 23. Bxe7 Qxe7 24. Rd3 Nxe5 25. Rxe5 Qf6 26. Rf3 Qg6 27. Qe2
Rcd8 28. h4 Rd5 29. h5 Qg4 30. h6 Rxe5 31. Qxe5 Qg6 32. hxg7 Qh6 33. Re3 Qh4
34. Rh3 Qg4 35. Qc7 1-0

[Event "Winterfest"]
[Site "Kelowna CAN"]
[Date "2002.02.17"]
[Round "5"]
[White "Whitman, Alan"]
[Black "Planas, Rodolfo"]
[Result "0-1"]
[WhiteElo "1698"]
[BlackElo "1445"]
[PlyCount "36"]
[EventDate "2002.02.16"]
[EventType "swiss"]
[EventRounds "5"]
[EventCountry "CAN"]

1. e4 c6 2. d4 g6 3. Nf3 d5 4. exd5 cxd5 5. Be2 Nc6 6. O-O Bg7 7. c3 h5 8. Re1
Bg4 9. Ng5 Qd7 10. Bxg4 hxg4 11. f3 Nh6 12. fxg4 Nxg4 13. h3 Nh6 14. Nd2 O-O-O
15. a4 Nxd4 16. cxd4 Bxd4+ 17. Kf1 Nf5 18. Ndf3 Ng3# 0-1

[Event "Winterfest"]
[Site "Kelowna CAN"]
[Date "2002.02.17"]
[Round "5"]
[White "Yoos, John"]
[Black "Higgs, Ian"]
[Result "1-0"]
[WhiteElo "2410"]
[BlackElo "1796"]
[PlyCount "68"]
[EventDate "2002.02.16"]
[EventType "swiss"]
[EventRounds "5"]
[EventCountry "CAN"]

1. e4 e6 2. d4 d5 3. e5 c5 4. c3 Bd7 5. Nf3 Nc6 6. a3 Rc8 7. b4 cxb4 8. cxb4 a6
9. Bb2 Nge7 10. Bd3 Ng6 11. h4 Nf4 12. Bf1 h5 13. Qd2 Ng6 14. Bd3 Nce7 15. Nc3
Ng8 16. g3 Nh6 17. O-O Be7 18. Rfe1 Ng4 19. Rac1 O-O 20. Bb1 Nxh4 21. gxh4 Bxh4
22. Nd1 Rxc1 23. Bxc1 Qe7 24. Qd3 g6 25. Nh2 Nxh2 26. Kxh2 Bg5 27. Bxg5 Qxg5
28. Ne3 Bb5 29. Qc3 f6 30. Ng2 h4 31. Qh3 Rf7 32. f4 Qh5 33. exf6 Bd7 34. Re5
Rxf6 1-0